[Event "Dvorkovich Mem 2013"]
[Site "Taganrog RUS"]
[Date "2013.01.22"]
[Round "8.20"]
[White "Vastrukhin,O"]
[Black "Sukhareva,E"]
[Result "1/2-1/2"]
[WhiteElo "2340"]
[BlackElo "2250"]

1.Nf3 d5 2.g3 e6 3.Bg2 Nf6 4.O-O Be7 5.d3 b6 6.Nbd2 Bb7 7.e4 d4 8.e5 Nfd7
9.Re1 c5 10.h4 Nc6 11.Nf1 Qc7 12.Bf4 h6 13.N1h2 Rg8 14.Ng4 Nf8 15.h5 Nb4
16.c4 a5 17.a3 Na6 18.Nd2 Bxg2 19.Kxg2 Qc6+ 20.Ne4 Nh7 21.Qf3 Kd7 22.Bxh6 gxh6
23.Qxf7 Rxg4 24.Qxh7 Rag8 25.f3 R4g7 26.Qxh6 Bg5 27.Qxg7+ Rxg7 28.Kh3 Qa8
29.f4 Be7 30.g4 Qf8 31.Rf1 Rf7 32.Kg3 Nc7 33.Rf3 Ne8 34.Raf1 Qh8 35.Rh1 Rh7
36.Kg2 Ng7 37.Rfh3 Qa8 38.Rf3 Qb8 39.h6 Nf5 40.gxf5 exf5 41.Ng5 Bxg5 42.fxg5 Qf8
43.e6+ Kxe6 44.Re1+ Kd6 45.Ref1 Rf7 46.g6 Rf6 47.g7  1/2-1/2

[Event "11th Gibraltar Masters"]
[Site "Caleta ENG"]
[Date "2013.01.23"]
[Round "2.4"]
[White "Navara,D"]
[Black "Houska,Jo"]
[Result "1-0"]
[WhiteElo "2710"]
[BlackElo "2416"]

1.Nf3 d5 2.g3 Nf6 3.Bg2 e6 4.O-O Be7 5.d4 O-O 6.c4 c6 7.Qc2 Nbd7 8.b3 b6
9.Bb2 Bb7 10.Nc3 Qc7 11.Rad1 Rfd8 12.e4 Nxe4 13.Nxe4 dxe4 14.Qxe4 Nf6 15.Qe2 a5
16.a3 c5 17.Rfe1 cxd4 18.Nxd4 Bxg2 19.Kxg2 Rd7 20.Qf3 Rad8 21.Nc6 Rxd1 22.Rxd1 Rxd1
23.Nxe7+ Qxe7 24.Qxd1 Nd7 25.Qf3 f6 26.Qc6 e5 27.Qd5+ Qf7 28.Qd6 Qe8 29.Qd5+ Qf7
30.Qc6 Qe7 31.b4 axb4 32.axb4 Kf7 33.b5 Qe6 34.Ba3 e4 35.Bd6 Kg6 36.Bf4 Kf7
37.h3 g5 38.Bc7 Ke7 39.Bd8+ Kf7 40.g4 h6 41.Kf1 f5 42.Qxe6+ Kxe6 43.gxf5+ Kxf5
44.Ke2 h5 45.Ke3 h4 46.Bc7 Ne5 47.Kd4 Nf3+ 48.Kd5 Ng1 49.c5  1-0

[Event "11th Gibraltar Masters"]
[Site "Caleta ENG"]
[Date "2013.01.24"]
[Round "3.34"]
[White "Larino Nieto,D"]
[Black "Garcia Jimenez,F"]
[Result "1-0"]
[WhiteElo "2497"]
[BlackElo "2278"]

1.Nf3 d5 2.g3 Nf6 3.Bg2 g6 4.b3 Bg7 5.Bb2 O-O 6.O-O Nbd7 7.c4 c6 8.Qc2 Re8
9.cxd5 cxd5 10.Rc1 b6 11.Nd4 Ba6 12.b4 e5 13.Nc6 Qc8 14.b5 Bb7 15.Bh3 a6
16.Qd1 axb5 17.Nxe5 Qd8 18.Nxd7 Nxd7 19.Bxg7 Kxg7 20.d4 Nf6 21.e3 b4 22.Nd2 Qd6
23.Qc2 Re7 24.Rab1 Ra3 25.Rb3 Ra4 26.Qb2 Bc6 27.Rb1 Rea7 28.Qc1 Bb5 29.a3 Rxa3
30.Rxb4 Bd3 31.Rxb6 Qe7 32.Rb7 Qxb7 33.Rxb7 Ra1 34.Rc7 Bc4 35.Qxa1 Rxa1+
36.Kg2 Ne4 37.Nxc4 dxc4 38.Be6 c3 39.Bxf7 Kh6 40.f3 Ng5 41.Bg8 Rb1 42.g4 Rb2+
43.Kg3  1-0

[Event "11th Gibraltar Masters"]
[Site "Caleta ENG"]
[Date "2013.01.26"]
[Round "5.17"]
[White "David,Alb"]
[Black "Akesson,R"]
[Result "1-0"]
[WhiteElo "2599"]
[BlackElo "2441"]

1.g3 d5 2.Nf3 g6 3.Bg2 Bg7 4.d4 c6 5.O-O Nf6 6.b3 O-O 7.c4 Bf5 8.Bb2 Nbd7
9.Nbd2 Ne4 10.Nh4 Nxd2 11.Qxd2 Be6 12.e4 dxe4 13.Bxe4 a5 14.Rfe1 a4 15.Bc3 Nf6
16.Bg2 axb3 17.axb3 Rxa1 18.Bxa1 Qb6 19.Qa2 Qb4 20.Rc1 Rc8 21.Nf3 b5 22.Ne5 bxc4
23.bxc4 Qd6 24.Re1 Ne8 25.Nxc6 Bf6 26.d5  1-0

[Event "TCh-CAT Div Hon 2013"]
[Site "Catalonia ESP"]
[Date "2013.01.26"]
[Round "2.10"]
[White "Onna Amargant,J"]
[Black "Ibanez Terradellas,E"]
[Result "0-1"]
[WhiteElo "1980"]
[BlackElo "2316"]

1.Nf3 d5 2.g3 Nc6 3.Bg2 e5 4.d3 g6 5.O-O Bg7 6.Nbd2 Nge7 7.c4 O-O 8.Rb1 a5
9.b3 f5 10.cxd5 Nxd5 11.Bb2 Re8 12.Rc1 e4 13.dxe4 fxe4 14.Bxg7 exf3 15.Bxf3 Kxg7
16.Rc5 Nf6 17.Qc1 Re5 18.Rd1 Rxc5 19.Qxc5 Bg4 20.Qc1 Bxf3 21.Nxf3 Qe7 22.Nd4 Nxd4
23.Rxd4 Rd8 24.Rf4 Qxe2 25.Qxc7+ Rd7 26.Qc3 Rd1+ 27.Kg2 Qf1+  0-1

[Event "Asian Zone 3.3"]
[Site "Tagaytay City PHI"]
[Date "2013.01.26"]
[Round "6.13"]
[White "Nolte,R"]
[Black "Yeoh,L"]
[Result "1/2-1/2"]
[WhiteElo "2460"]
[BlackElo "2278"]

1.Nf3 d5 2.g3 Nf6 3.Bg2 c6 4.O-O Bf5 5.d3 Nbd7 6.Nbd2 e5 7.e4 dxe4 8.dxe4 Bg6
9.Qe2 Bc5 10.a3 O-O 11.b4 Bd6 12.Bb2 Qe7 13.c4 b6 14.Nh4 Rfd8 15.Nf5 Qf8
16.Nxd6 Qxd6 17.Rfd1 Qe7 18.Nf1 Nf8 19.Ne3 Qc7 20.c5 bxc5 21.Rxd8 Rxd8 22.Nc4 N6d7
23.bxc5 Ne6 24.h4 f6 25.Bc3 Rb8 26.Ba5 Qb7 27.Bb4 Qb5 28.Qa2 Bf7 29.Nd6 Qa4
30.Bh3 Ndf8 31.Bg4 g6 32.Bd1 Qa6 33.Be2 Qa4 34.Bc4 Kg7 35.Bb3 Qa6 36.Rd1 Bg8
37.Bc4 Qa4 38.Bb3 Nd4 39.Bxa4 Bxa2 40.Rxd4 exd4 41.Bxc6 d3 42.Bb5 Ne6 43.Bxd3 a5
44.Bxa5 Nxc5 45.Bf1 Bb1  1/2-1/2

[Event "11th Gibraltar Masters"]
[Site "Caleta ENG"]
[Date "2013.01.27"]
[Round "6.61"]
[White "Piasetski,L"]
[Black "Kvisla,J"]
[Result "1/2-1/2"]
[WhiteElo "2310"]
[BlackElo "2148"]

1.Nf3 d5 2.g3 Nf6 3.Bg2 g6 4.O-O Bg7 5.c4 O-O 6.cxd5 Nxd5 7.d4 Nb6 8.Nc3 Na6
9.Be3 Nc4 10.Qc1 Nxe3 11.Qxe3 c6 12.Rfd1 Be6 13.Ng5 Bd5 14.Nxd5 cxd5 15.Qb3 Nc7
16.Rac1 Rb8 17.e3 e6 18.Nf3 Ne8 19.Rc3 Nd6 20.Rdc1 Re8 21.Ne5 a6 22.Bf1 Ne4
23.R3c2 Bf8 24.Bd3 Nf6 25.Rc7 Re7 26.R7c3 Re8 27.f4 Bd6 28.a3 Nd7 29.Qa4 Nxe5
30.dxe5 Bf8 31.Rc7 Re7 32.Qc2 Rxc7 33.Qxc7 Be7 34.Kf2 Qxc7 35.Rxc7 Bd8 36.Rc2 Kf8
37.Ke2  1/2-1/2

[Event "11th Gibraltar Masters"]
[Site "Caleta ENG"]
[Date "2013.01.27"]
[Round "6.76"]
[White "Telljohann,S"]
[Black "Samu,S"]
[Result "1-0"]
[WhiteElo "2423"]
[BlackElo "2095"]

1.Nf3 d5 2.g3 Nf6 3.Bg2 Bf5 4.O-O Nc6 5.d4 e6 6.c4 Be7 7.b3 O-O 8.Bb2 Ne4
9.e3 a5 10.Nbd2 Nxd2 11.Nxd2 Qd7 12.Qe2 a4 13.Bc3 Bb4 14.Rfc1 Ba3 15.Rd1 Bc2
16.Re1 Bb4 17.Bxb4 Nxb4 18.Rec1 Bd3 19.Qd1 axb3 20.axb3 Na2 21.Nf3 Nxc1 22.Rxc1 Bf5
23.Ne5 Qd8 24.g4 Bg6 25.h4 f6 26.Nxg6 hxg6 27.cxd5 exd5 28.Qc2 c6 29.Qxg6 Ra2
30.Qf5 Qe8 31.h5 g6 32.hxg6 Kg7 33.Bxd5 Qxg6 34.Qd7+ Kh8 35.Be6 Qg7 36.Qd6 Rfa8
37.Kg2 Qh6 38.b4 Qh4 39.Qf4 Kg7 40.Rh1 Rxf2+ 41.Qxf2 Qg5 42.Qf4 Qxf4 43.exf4 Ra3
44.Bf5 Ra2+ 45.Kf3 b6 46.Rh7+  1-0

[Event "18th HIT Open A 2013"]
[Site "Nova Gorica SLO"]
[Date "2013.01.27"]
[Round "5.20"]
[White "Rozman,Monika"]
[Black "Bratkovic,Sham"]
[Result "0-1"]
[WhiteElo "1709"]
[BlackElo "1957"]

1.Nf3 d5 2.g3 c6 3.b3 Nf6 4.Bg2 Nbd7 5.Bb2 Qc7 6.O-O e6 7.d3 Be7 8.Nbd2 O-O
9.c4 Rd8 10.Qc2 a5 11.Rfd1 h6 12.Rac1 a4 13.Nb1 axb3 14.axb3 Qb6 15.Nfd2 h5
16.Nc3 h4 17.Ra1 Rxa1 18.Rxa1 hxg3 19.hxg3 Ng4 20.e3 Ndf6 21.Na4 Qc7 22.Bd4 c5
23.cxd5 Nxf2 24.e4 Nxd3 25.Bxf6 Bxf6 26.Rf1 Qxg3 27.Nf3 Ne5 28.Qxc5 exd5
29.Qf2 Nxf3+ 30.Qxf3 Bd4+ 31.Kh1 Qh4+ 32.Bh3 Qxh3+ 33.Qxh3 Bxh3 34.Re1 dxe4
35.Rxe4 Bf5  0-1

[Event "ITT ABC COLOR 2013"]
[Site "Asuncion PAR"]
[Date "2013.01.28"]
[Round "4.2"]
[White "Latorre,Mat"]
[Black "Franco Ocampos,Z"]
[Result "1/2-1/2"]
[WhiteElo "2265"]
[BlackElo "2498"]

1.Nf3 d5 2.g3 c6 3.c4 Nf6 4.Bg2 g6 5.b3 Bg7 6.Bb2 O-O 7.O-O a5 8.d3 a4 9.Nbd2 Nbd7
10.b4 Re8 11.e4 a3 12.Bc3 e5 13.Rb1 d4 14.Ba1 b5 15.Bh3 Ra4 16.Rb3 Bf8 17.c5 Nxc5
18.Bxc8 Nxb3 19.axb3 Ra7 20.Bh3 Bxb4 21.Qc1 c5 22.Nh4 Nh5 23.Ndf3 Kg7 24.Bg4 Nf6
25.Qg5 Nxg4 26.Qxg4 h6 27.Ne1 Qg5 28.Qe2 Qd2 29.Qg4 Kh7 30.f4 Qe3+ 31.Kh1 Bxe1
32.fxe5 Bc3 33.Rxf7+ Rxf7 34.Qxg6+ Kh8 35.Qxf7 Rg8 36.Qf6+ Kh7 37.Qf5+ Kh8  1/2-1/2

[Event "6th Gora Sw Anny OpA"]
[Site "Gora Swietej Anny POL"]
[Date "2013.01.29"]
[Round "5.13"]
[White "Kaczorowski,P"]
[Black "Tabola,Marcin"]
[Result "0-1"]
[WhiteElo "2088"]
[BlackElo "1967"]

1.Nf3 d5 2.g3 Nf6 3.Bg2 c6 4.O-O Bg4 5.d3 Nbd7 6.Nbd2 e5 7.e4 Bc5 8.c3 a5
9.b3 Qe7 10.Qc2 O-O 11.Bb2 dxe4 12.dxe4 Ba3 13.Bxa3 Qxa3 14.h3 Bh5 15.Nc4 Qc5
16.Nh4 b5 17.Ne3 Bg6 18.Rfd1 Rfd8 19.Nhf5 Nb6 20.Rd2 Bxf5 21.Nxf5 g6 22.Rad1 Rd7
23.Rxd7 Nbxd7 24.Nd6 b4 25.c4 a4 26.g4 axb3 27.axb3 Nf8 28.Kh2 Ne6 29.Qc1 Ra2
30.Rd2 Rxd2 31.Qxd2 Qd4 32.Qxd4 Nxd4 33.c5 Nxb3 34.Bf1 Nd2  0-1

[Event "18th HIT Open A 2013"]
[Site "Nova Gorica SLO"]
[Date "2013.01.29"]
[Round "7.12"]
[White "Philosoph,A"]
[Black "Suc,T"]
[Result "0-1"]
[WhiteElo "2005"]
[BlackElo "2116"]

1.Nf3 d5 2.g3 c5 3.Bg2 Nc6 4.O-O e6 5.d3 Nge7 6.e4 g6 7.Qe2 Bg7 8.Re1 h6
9.c3 b6 10.Bf4 d4 11.c4 e5 12.Bd2 O-O 13.Na3 a6 14.Rec1 Be6 15.Ne1 Qd7 16.Nec2 f5
17.exf5 Nxf5 18.b4 Rad8 19.b5 axb5 20.Nxb5 Kh7 21.Ne1 Rde8 22.Qe4 Nfe7 23.Nf3 Bf5
24.Qe2 Ng8 25.Nh4 Nf6 26.Nxf5 gxf5 27.Bh3 e4 28.dxe4 Nxe4 29.Re1 d3 30.Qe3 Ng5
31.Qxe8 Nxh3+  0-1

[Event "11th Gibraltar Masters"]
[Site "Caleta ENG"]
[Date "2013.01.30"]
[Round "9.73"]
[White "Gieritz,D"]
[Black "Rudolf,An"]
[Result "0-1"]
[WhiteElo "2112"]
[BlackElo "2312"]

1.Nf3 d5 2.g3 c6 3.Bg2 Bf5 4.O-O e6 5.d4 Be7 6.c4 h6 7.Nc3 Nf6 8.a4 Na6 9.Qb3 Nb4
10.a5 Bc2 11.Qa3 dxc4 12.Ne1 O-O 13.Na4 Bb3 14.Nc5 Qxd4 15.Qxb4 Qxc5 16.Qxb7 Nd5
17.Bd2 Rab8 18.Qa6 Bf6 19.Rc1 Nc7 20.Qxc6 Qxc6 21.Bxc6 Bxb2 22.Nf3 Bxc1 23.Rxc1 f6
24.Be3 Nb5 25.Nd2 Rfd8 26.Nxc4 Rd1+ 27.Rxd1 Bxd1 28.Bf3 Bb3 29.Nd2 Bd5 30.Kg2 Rc8
31.Bxd5 exd5 32.Nb3 Rc4 33.Bd2 Rc2 34.Be1  0-1

[Event "11th Gibraltar Masters"]
[Site "Caleta ENG"]
[Date "2013.01.30"]
[Round "9.114"]
[White "Wilson,Matthew R"]
[Black "Piovar,Jaroslav"]
[Result "0-1"]
[WhiteElo "1827"]
[BlackElo "1536"]

1.Nf3 d5 2.g3 c5 3.Bg2 Nc6 4.d4 e6 5.O-O Nf6 6.a3 c4 7.Nc3 Be7 8.Re1 h6 9.e4 dxe4
10.Nxe4 Nxe4 11.Rxe4 e5 12.Nxe5 Nxe5 13.Rxe5 O-O 14.c3 Rb8 15.Qa4 Qc7 16.Bf4 Bd6
17.Rc5 Qe7 18.Bxd6 Qxd6 19.Qxc4 Be6 20.Bd5 b5 21.Qb3 Bh3 22.Re1 Qf6 23.Rxb5 Rbe8
24.Qd1 g6 25.Bg2 Bxg2 26.Kxg2 Qc6+ 27.d5 Qxb5 28.d6 Rxe1 29.Qxe1 Qc6+ 30.f3 Qxd6
31.Qc1 Kg7 32.c4 Rd8 33.Qc3+ Kg8 34.Kh3 Qe6+ 35.g4 h5 36.c5 hxg4+ 37.fxg4 Rc8
38.b4 Qa6 39.Qf3 Qc6 40.Qg3 a6 41.Qb3 Rb8 42.Qd3 Qe6 43.Qc3 Re8 44.a4 Qe3+
45.Qxe3 Rxe3+ 46.Kg2 Rb3 47.c6 Rc3 48.b5 axb5 49.axb5 Rc5 50.b6 Rxc6  0-1

[Event "11th Gibraltar Masters"]
[Site "Caleta ENG"]
[Date "2013.01.31"]
[Round "10.114"]
[White "Wilson,Matthew R"]
[Black "Kazmierczak,Ewa"]
[Result "1/2-1/2"]
[WhiteElo "1827"]
[BlackElo "1512"]

1.Nf3 d5 2.g3 Nf6 3.Bg2 c6 4.O-O Bf5 5.c4 h6 6.cxd5 cxd5 7.Qb3 b6 8.Nc3 e6
9.d3 Nbd7 10.Qa4 Be7 11.Nd4 O-O 12.Nxf5 exf5 13.Qf4 Rc8 14.Qxf5 d4 15.Nb5 Rc5
16.Qf4 Rxb5 17.Qxd4 Nc5 18.Qc4 Qd7 19.a4 Ra5 20.b4 Rxa4 21.Rxa4 Qxa4 22.bxc5 Qxc4
23.dxc4 Bxc5 24.Bf4 Rd8 25.Bc6 a5 26.Kg2 Rd4 27.Bb5 Rd8 28.h3 Ne4 29.Rc1 Nxf2
30.Bc6 Nd1 31.Kf3 Nf2 32.Kg2  1/2-1/2

[Event "11th Gibraltar Masters"]
[Site "Caleta ENG"]
[Date "2013.01.31"]
[Round "10.51"]
[White "Vojinovic,J"]
[Black "Ferrante,M"]
[Result "1-0"]
[WhiteElo "2359"]
[BlackElo "2227"]

1.Nf3 d5 2.g3 g6 3.c4 Nf6 4.cxd5 Nxd5 5.e4 Nb4 6.d4 Bg4 7.Nbd2 c5 8.a3 Qa5
9.axb4 Qxa1 10.Bb5+ Bd7 11.Nb3 Qb1 12.Bd3 Qa2 13.Bc4 Qa4 14.Ne5 f6 15.Bf7+ Kd8
16.Nxd7 Nxd7 17.bxc5 e5 18.O-O exd4 19.Bd5 Bxc5 20.Nxc5 Nxc5 21.b3 Qb4 22.Bb2 Ke7
23.Bxd4 Ne6 24.Bb2 Rad8 25.Qa1 Rxd5 26.exd5 Qe4 27.Bxf6+ Ke8 28.Re1  1-0

[Event "ch-TUR 2013"]
[Site "Antalya TUR"]
[Date "2013.02.02"]
[Round "1.51"]
[White "Kaban,E"]
[Black "Yilmaz,Serkan"]
[Result "0-1"]
[WhiteElo "1994"]
[BlackElo "1608"]

1.Nf3 d5 2.g3 Nf6 3.Bg2 Nc6 4.d3 e5 5.Nbd2 Bd6 6.e4 Bg4 7.h3 Be6 8.c3 h6
9.b4 O-O 10.O-O Qd7 11.Kh2 Rad8 12.Re1 Ne7 13.a3 Ng6 14.Bb2 Rfe8 15.Qc2 Rc8
16.exd5 Bxd5 17.c4 Be6 18.c5 Be7 19.Nxe5 Nxe5 20.Bxe5 Bd5 21.Bxd5 Qxd5 22.Qc4 Qd7
23.d4 Qf5 24.Kg2 c6 25.Re3 Nd5 26.Rf3 Qg6 27.Re1 Bg5 28.Rd1 Re6 29.Qd3 Qxd3
30.Rxd3 Bxd2 31.R1xd2 Rce8 32.Rb3 f6 33.Bd6 a6 34.a4 Re2 35.Rxe2 Rxe2 36.b5 Ra2
37.bxc6 bxc6 38.Rb8+ Kh7 39.Rc8 Nb4 40.d5 Nxd5 41.Rxc6 Rxa4 42.Rc8 Rc4 43.Ra8 Nb4
44.Ra7 Kg8 45.g4 Rc3 46.f3 Rc1 47.Kg3 g5 48.h4 Rc2 49.Kh3 Ra2 50.hxg5 hxg5
51.Kg3 a5 52.Be7 Nd5 53.Bd8 Nf4  0-1

[Event "ch-TUR 2013"]
[Site "Antalya TUR"]
[Date "2013.02.02"]
[Round "1.64"]
[White "Mumcu,Ozer"]
[Black "Bas,D"]
[Result "0-1"]
[WhiteElo "1576"]
[BlackElo "1934"]

1.Nf3 d5 2.g3 c5 3.Bg2 Nc6 4.O-O Nf6 5.d3 e5 6.e4 Be7 7.exd5 Nxd5 8.Re1 f6
9.c3 O-O 10.d4 cxd4 11.cxd4 Bb4 12.Nc3 Nxc3 13.bxc3 Bd6 14.Qb3+ Kh8 15.dxe5 Nxe5
16.Nd4 Re8 17.Bf4 a6 18.Rad1 Qc7 19.Bd5 Rb8 20.Bg2 Bg4 21.Rb1 b5 22.h3 Bd7
23.Qc2 Nc4 24.Bxd6 Qxd6 25.Rbd1 Qc7 26.h4 Bg4 27.Nf3 Ne5 28.Re3 Nxf3+ 29.Rxf3 Bxf3
30.Bxf3 Rbc8 31.Kg2 Qxc3 32.Qxc3 Rxc3 33.Rd6 Ra3 34.Bb7 Rxa2 35.Bxa6 b4 36.Rb6 Rb2
37.Bc4 Rd8 38.Rb7 g6 39.Kf3 Rdd2 40.Rb8+ Kg7 41.Rb7+ Kf8 42.Rf7+ Ke8 43.Rxh7 Rxf2+
44.Ke3 Rfc2 45.Bb5+ Kd8 46.Rd7+ Kc8 47.Rg7 Rc3+ 48.Kf4 Rf2+ 49.Kg4 f5+ 50.Kg5 Rxg3+
51.Kf6 Rh2 52.Ba6+ Kd8 53.Ke6 Re3+ 54.Kd6 Rd2+ 55.Kc5 Re4 56.Rg8+ Ke7 57.Rxg6 Rxh4
58.Rb6 Rdd4 59.Rb7+ Kf6 60.Rb8 Rde4 61.Rf8+ Kg5 62.Rg8+ Kh5 63.Rh8+ Kg4 64.Rg8+ Kh3
65.Bf1+ Kh2 66.Rg2+ Kh1 67.Rg5 Ref4 68.Bg2+ Kh2 69.Bd5 Rhg4 70.Rh5+ Kg1 71.Rh1+ Kf2
72.Rh2+ Ke3 73.Rh3+ Ke2 74.Rh2+ Rf2 75.Rh3 f4 76.Bc4+ Kd2 77.Kxb4 f3 78.Kb3 Rxc4
79.Kxc4 Ke3 80.Kc3 Rg2 81.Rh8 Rg4 82.Re8+ Re4 83.Rxe4+ Kxe4 84.Kd2 Kf4 85.Ke1 Ke5  0-1

[Event "Bundesliga 2012-13"]
[Site "Emsdetten GER"]
[Date "2013.02.02"]
[Round "7"]
[White "Berkes,F"]
[Black "Spoelman,W"]
[Result "1-0"]
[WhiteElo "2679"]
[BlackElo "2541"]

1.Nf3 d5 2.g3 Nf6 3.Bg2 c6 4.O-O Bg4 5.d3 Nbd7 6.Qe1 e5 7.e4 dxe4 8.dxe4 Bc5
9.Nbd2 O-O 10.h3 Bh5 11.Nc4 Re8 12.a4 Nb6 13.Na5 Qc7 14.Nh4 Bf8 15.Nf5 Nfd7
16.Nb3 f6 17.Qc3 Bf7 18.Rd1 Rad8 19.a5 Nc4 20.Bf1 b5 21.axb6 Ndxb6 22.Rxd8 Rxd8
23.Be2 c5 24.Ne3 Nd6 25.Nxc5 Rc8 26.b4 Nd7 27.Ra5 Qb6 28.Nxd7 Rxc3 29.Nxb6 axb6
30.Ra6 b5 31.Ra8 g6 32.Ng4 Rxc2 33.Bh6 Be8 34.Bd1 Rc8 35.Bb3+ Bf7 36.Nxf6+ Kh8
37.Rxc8 Nxc8 38.Bxf8 Bxb3 39.Bc5 Be6 40.Kg2 h5 41.h4 Kg7 42.Nd5 Kf7 43.Kf3 Bd7
44.Ke3 Bc6 45.f4 Ke6 46.Nc3 Nd6 47.Bxd6 Kxd6 48.Ne2 Be8 49.Ng1 exf4+ 50.gxf4 Bf7
51.Nf3 Be8 52.Kd3 Ke6 53.Kd4 Kd6 54.Ne5 Ke6 55.Kc5 g5 56.hxg5 h4 57.Nf3 h3
58.f5+ Ke7 59.g6 Kf6 60.Kd6 Kg7  1-0

[Event "ch-TUR 2013"]
[Site "Antalya TUR"]
[Date "2013.02.03"]
[Round "3.91"]
[White "Mumcu,Ozer"]
[Black "Albayrak,Mete"]
[Result "1/2-1/2"]
[WhiteElo "1576"]
[BlackElo "1818"]

1.Nf3 d5 2.g3 Nf6 3.Bg2 c5 4.O-O Nc6 5.d3 e5 6.e4 d4 7.a4 Bd6 8.Nbd2 O-O
9.Nc4 Bc7 10.h3 Be6 11.b3 a6 12.Ba3 Nd7 13.Ncd2 f5 14.exf5 Bxf5 15.Re1 Ba5
16.Re2 Qc7 17.Ne4 Bxe4 18.Rxe4 Bc3 19.Rb1 b5 20.Ng5 Qd6 21.h4 h6 22.Nh3 Rae8
23.axb5 axb5 24.Bc1 Nf6 25.Re2 Nd5 26.Bxd5+ Qxd5 27.Re4 c4 28.bxc4 bxc4 29.Qg4 Nb4
30.Bxh6 Re7 31.Bg5 Ref7 32.Qe2 cxd3 33.cxd3 Qb5 34.Rd1 Nc6 35.h5 Qb3 36.Rf1 Rf3
37.Qd1 Qb5 38.Kg2 Qxd3 39.Qxd3 Rxd3 40.Rb1 Bb4 41.h6 Bd6 42.hxg7 Kxg7 43.Rb6 Rc3
44.Rg4 Kf7 45.Bh6 Rb8 46.Ng5+ Ke7 47.Rxb8 Bxb8 48.Ne4 Rc2 49.Rg7+ Ke6 50.Rb7 Kd5
51.Kf3 Bd6 52.Rd7 Rc3+ 53.Nxc3+ dxc3 54.Ke2 Ke6 55.Rb7 Bc5 56.f3 Nd4+ 57.Kd3 Nxf3
58.Kxc3 Kf5 59.Rb8 e4 60.Re8 Bd4+ 61.Kc2 Kg4 62.Rg8+ Kh5 63.Bf4 Be5 64.g4+ Kh4
65.Be3 Nd4+ 66.Bxd4 Bxd4 67.g5 Kh5 68.Kd1 Be3 69.g6 Kh6 70.Ke2 Bd4 71.Ke1 Bg7
72.Ke2 Kxg6 73.Ke3  1/2-1/2

[Event "TCh-AUT 2 East 2012-13"]
[Site "Austria AUT"]
[Date "2013.02.03"]
[Round "7.4"]
[White "Lipka,J"]
[Black "Buchnicek,P"]
[Result "1-0"]
[WhiteElo "2441"]
[BlackElo "2352"]

1.Nf3 d5 2.g3 c6 3.Bg2 Nf6 4.O-O Bg4 5.d3 Nbd7 6.c4 e6 7.cxd5 cxd5 8.h3 Bh5
9.Nc3 a6 10.e4 d4 11.Ne2 Bxf3 12.Bxf3 e5 13.Bg2 Bd6 14.f4 O-O 15.g4 h6 16.g5 hxg5
17.fxg5 Nh7 18.h4 g6 19.Ng3 Kh8 20.Bh3 f6 21.h5 Nxg5 22.hxg6 Nxh3+ 23.Kg2 Kg7
24.Bh6+ Kg8 25.Qh5 f5 26.Qxh3 f4 27.Qe6+ Kh8 28.Rh1  1-0

[Event "TCh-BEL 2012-13"]
[Site "Belgium BEL"]
[Date "2013.02.03"]
[Round "8.3"]
[White "Mundorf,J"]
[Black "Kleijn,C"]
[Result "0-1"]
[WhiteElo "2161"]
[BlackElo "2418"]

1.Nf3 d5 2.g3 Nf6 3.Bg2 c6 4.O-O Bf5 5.c4 e6 6.d3 Nbd7 7.cxd5 cxd5 8.Nc3 Be7
9.Qb3 O-O 10.Be3 Ng4 11.Bd2 Nc5 12.Qd1 Rc8 13.h3 Nf6 14.Nh4 Bg6 15.Nxg6 hxg6
16.b4 Ncd7 17.Qb3 Bd6 18.Rfc1 Ne5 19.Nb5 Bb8 20.Rxc8 Qxc8 21.Rc1 Qd7 22.Nd4 Bc7
23.Qc3 Bb6 24.Bf4 Bxd4 25.Qxd4 Nc6 26.Qc5 Rc8 27.Qd6 Qe8 28.Be3 a6 29.a4 Rd8
30.Qf4 e5 31.Qh4 Ne7 32.g4 Qxa4 33.Bg5 Nc6 34.Bxf6 gxf6 35.Qxf6 Rd7 36.Rc5 Qa1+
37.Kh2 Qd4 38.h4 Qxb4 39.Rxd5 Rxd5 40.Bxd5 Qf4+ 41.Qxf4 exf4 42.Kg2 a5 43.Kf3 a4
44.Kxf4 Nb4 45.Bc4 a3 46.Ke5 b5 47.Bb3 Nc6+ 48.Kf6 Na5 49.Bxf7+ Kh8 50.h5 g5
51.f4 Nc4 52.dxc4 a2 53.cxb5 a1=Q+ 54.Kxg5 Kg7  0-1

[Event "35th Georgi Tringov Open"]
[Site "Plovdiv BUL"]
[Date "2013.02.03"]
[Round "1.19"]
[White "Azaladze,S"]
[Black "Nikolov,Zdravko"]
[Result "1-0"]
[WhiteElo "2466"]
[BlackElo "1756"]

1.Nf3 d5 2.g3 Nf6 3.Bg2 g6 4.O-O Bg7 5.d3 O-O 6.Nbd2 Nbd7 7.e4 dxe4 8.dxe4 e5
9.Re1 Ne8 10.Nc4 Qe7 11.b3 b6 12.Ba3 c5 13.Qd5 Rb8 14.Rad1 Nef6 15.Qd6 Qxd6
16.Nxd6 Rd8 17.Ng5 Rf8 18.Bh3 h6 19.Ngxf7 Rxf7 20.Be6  1-0

[Event "Asian Zonal 3.2 2013"]
[Site "Thulhiriya City PHI"]
[Date "2013.02.04"]
[Round "3.1"]
[White "Rahman,Zia"]
[Black "Reefat,S"]
[Result "1/2-1/2"]
[WhiteElo "2505"]
[BlackElo "2441"]

1.Nf3 d5 2.g3 c6 3.Bg2 Bg4 4.c4 e6 5.cxd5 Bxf3 6.Bxf3 cxd5 7.Nc3 Nc6 8.d3 Be7
9.O-O Nf6 10.e4 d4 11.Nb1 O-O 12.Nd2 Nd7 13.Be2 b5 14.f4 Rc8 15.a3 a5 16.Nf3 Qb6
17.Bd2 a4 18.g4 Na5 19.Bxa5 Qxa5 20.Rc1 b4 21.axb4 Bxb4 22.Kg2 a3 23.bxa3 Bc3
24.Rf2 Qxa3 25.Bf1 Rb8 26.Rcc2 Qd6 27.Qc1 Rb7 28.Nd2 Ra8 29.Nc4 Qb8 30.Qd1 Rb1
31.Qf3 Raa1 32.e5 Qb7 33.Qxb7 Rxb7 34.Ra2 Rbb1 35.Rxa1 Rxa1 36.Be2 Kf8 37.Rf1  1/2-1/2

[Event "ch-TUR 2013"]
[Site "Antalya TUR"]
[Date "2013.02.05"]
[Round "5.42"]
[White "Kaban,E"]
[Black "Albayrak,Mete"]
[Result "1-0"]
[WhiteElo "1994"]
[BlackElo "1818"]

1.Nf3 d5 2.g3 Nf6 3.Bg2 c5 4.d3 Nc6 5.Nbd2 g6 6.e4 Bg7 7.c3 O-O 8.O-O h6
9.Re1 Bg4 10.Qc2 d4 11.c4 e5 12.h3 Be6 13.Nf1 Rc8 14.Nh4 Qd7 15.Kh2 g5 16.Nf3 Ne8
17.g4 Nd6 18.Ng3 a6 19.Nf5 Bxf5 20.exf5 Rfe8 21.Nd2 Bf6 22.Ne4 Nxe4 23.Bxe4 Kg7
24.Kg2 h5 25.h4 Qe7 26.Qd2 Qd7 27.hxg5 Bd8 28.f6+ Kg8 29.Bf5 Ba5 30.Bxd7 Bxd2
31.Bxd2 hxg4 32.Bxc8 Rxc8 33.Rh1  1-0

[Event "ch-TUR 2013"]
[Site "Antalya TUR"]
[Date "2013.02.05"]
[Round "5.1"]
[White "Solak,D"]
[Black "Dastan,B"]
[Result "1-0"]
[WhiteElo "2603"]
[BlackElo "2390"]

1.Nf3 d5 2.g3 Nf6 3.Bg2 c5 4.c4 e6 5.cxd5 exd5 6.d4 Nc6 7.O-O Be7 8.Nc3 O-O
9.dxc5 Bxc5 10.Bg5 d4 11.Bxf6 Qxf6 12.Nd5 Qd8 13.Ne1 Re8 14.Nd3 Bf8 15.Re1 Bf5
16.a3 Be4 17.N5f4 Bxg2 18.Nxg2 Qb6 19.Qd2 Ne5 20.Nxe5 Rxe5 21.Nf4 g6 22.Rad1 Bg7
23.Nd3 Re4 24.Qb4 Qxb4 25.axb4 Rc8 26.Kf1 Re6 27.Rc1 Rec6 28.Rxc6 Rxc6 29.Ra1 a6
30.b5 Rb6 31.bxa6 bxa6 32.Rc1 Bf6 33.Rc7 Kg7 34.h4 h5 35.Ke1 Kf8 36.Kd2 Ke8
37.Rc8+ Bd8 38.Ra8 Ke7 39.Ra7+ Ke8 40.Kd1 Be7 41.Ne5 Bd6 42.Nc4 Rc6 43.b3 Bc7
44.Kd2 Kd8 45.Ra8+ Kd7 46.Kd3 Re6 47.f4 a5 48.Ra7 Kc8 49.Ra8+ Kd7 50.Rh8 Ke7
51.Rc8 Kd7 52.Ra8 Ke7 53.Ra7 Kd7 54.Kxd4 Rxe2 55.Kd5 Rg2 56.Ne5+ Kc8 57.Kc6 Bxe5
58.fxe5 Kd8 59.Rxa5 Rxg3 60.b4 Ke7 61.b5 Rc3+ 62.Kd5 Rd3+ 63.Kc4 Rh3 64.b6 Kd7
65.Rc5 Rxh4+ 66.Kd5 Rb4 67.Rc7+ Kd8 68.Kc5 Rf4 69.Rc6 Rf1 70.b7 Rc1+ 71.Kd5 Rd1+
72.Ke4 Re1+ 73.Kf4  1-0

[Event "FSFMA February 2013"]
[Site "Budapest HUN"]
[Date "2013.02.05"]
[Round "4.5"]
[White "Schenkerik,C"]
[Black "Mayer,I"]
[Result "0-1"]
[WhiteElo "2111"]
[BlackElo "2038"]

1.Nf3 d5 2.g3 g6 3.Bg2 Bg7 4.O-O e5 5.d3 Nc6 6.c3 Nge7 7.Nbd2 O-O 8.Qc2 Nf5
9.e4 dxe4 10.dxe4 Nd6 11.b4 a6 12.a3 f5 13.Bb2 Be6 14.Rfd1 Qf6 15.c4 f4 16.c5 Nb5
17.Nc4 fxg3 18.hxg3 Bg4 19.Rd3 Rae8 20.Ne3 Bc8 21.Nd5 Qd8 22.a4 Nbd4 23.Nxd4 Nxd4
24.Bxd4 exd4 25.c6 Re6 26.cxb7 Bxb7 27.Qxc7 Qxc7 28.Nxc7 Rc6 29.Nd5 Rc2 30.f4 Bxd5
31.exd5 Rb2 32.b5 Rf6 33.Rxd4 axb5 34.axb5 Rxb5 35.Ra8+ Rf8 36.Rda4 Rb6 37.R4a6 Rxa8
38.Rxa8+ Bf8 39.Bh3 Kg7 40.Ra7+ Kh6 41.Be6 Bc5+ 42.Kf1 Rb1+ 43.Ke2 Bxa7 44.d6 Rb6  0-1

[Event "FSGM February 2013"]
[Site "Budapest HUN"]
[Date "2013.02.05"]
[Round "4.5"]
[White "Czebe,A"]
[Black "Mihok,O"]
[Result "1-0"]
[WhiteElo "2488"]
[BlackElo "2442"]

1.Nf3 d5 2.g3 c6 3.Bg2 Bg4 4.h3 Bh5 5.O-O Nd7 6.d3 e6 7.e4 Bd6 8.Qe2 Ne7
9.g4 Bg6 10.e5 Bc7 11.Bf4 h5 12.Bg3 Nf8 13.Nbd2 Qd7 14.Nb3 Bb6 15.a4 a5 16.Rfd1 Qc7
17.c4 Nd7 18.Rac1 hxg4 19.hxg4 dxc4 20.dxc4 Nc5 21.Nxc5 Bxc5 22.Ng5 Rd8 23.Be4 Rxd1+
24.Rxd1 Qb6 25.Kg2 Qb3 26.Qd3 Qxd3 27.Rxd3 Bb4 28.f4 Bxe4+ 29.Nxe4 Nc8 30.Bf2 b6
31.Rd1 Ke7 32.c5 bxc5 33.Nxc5 Nb6 34.Nxe6 Nd5 35.Nd4 Nxf4+ 36.Kf3 Nd5 37.Nxc6+ Ke6
38.Ke4 Nc7 39.Be1 f6 40.Bxb4  1-0

[Event "ch-TUR 2013"]
[Site "Antalya TUR"]
[Date "2013.02.06"]
[Round "7.76"]
[White "Bitirgen,Bilent"]
[Black "Ozates,Mert"]
[Result "1/2-1/2"]
[WhiteElo "1836"]
[BlackElo "1681"]

1.Nf3 d5 2.g3 Nf6 3.Bg2 Bf5 4.c4 c6 5.Qb3 Qb6 6.d3 Qxb3 7.axb3 e6 8.O-O Bd6
9.Nd4 Bg6 10.Re1 Bc5 11.Nf3 O-O 12.h3 h6 13.Ne5 Bh7 14.g4 Nbd7 15.Nf3 Rfe8
16.d4 Bd6 17.c5 Bc7 18.g5 hxg5 19.Nxg5 Bf5 20.f4 g6 21.Nc3 Nh5 22.e4 dxe4
23.Ngxe4 Nxf4 24.Bxf4 Bxf4 25.b4 a6 26.Ra3 Kg7 27.Ne2 Bc7 28.N2g3 Bxe4 29.Nxe4 Nf6
30.Ng5 Rad8 31.Nf3 Nd5 32.Rf1 Nf4 33.Re3 Nxg2 34.Kxg2 f6 35.Rfe1 Kf7 36.Rf1 Kg7
37.Rfe1 Kf7 38.Rf1 Kg7 39.Rfe1 e5 40.dxe5 Bxe5 41.Nxe5 Rxe5 42.Rxe5 fxe5
43.Rxe5 Kf6 44.Re4 Rd2+ 45.Kg3 Rxb2 46.Kf4 Rf2+ 47.Ke3 Rb2 48.Rf4+ Ke6 49.Re4+ Kf6
50.Rf4+ Kg7 51.Kf3 Rb1 52.Kg4 Rg1+ 53.Kf3 Rf1+ 54.Ke4 Rxf4+ 55.Kxf4 Kf6 56.h4 Kf7
57.Kg5 Kg7 58.Kf4 Kf6 59.Kg4 Kf7 60.Kg5 Kg7 61.Kf4  1/2-1/2